000 00639nam a2200277Ia 4500
005 20260324132312.0
008 008 260324s9999 xx 000 0 eng d
020 _a9781843926627
037 _aEBOOK
040 _aCRL
040 _beng
040 _cCRL
041 _2eng
041 _aeng
084 _qCRL
100 _aAnne Worrall; Clare Hoy
_91188766
245 0 _aPunishment in the Community
260 _bTaylor and Francis
260 _c2005
365 _a
365 _b265
856 _uhttp://www.taylorfrancis.com/books/9781843926627
942 _cEBOOK
999 _c1786761
_d1786761